000 00552nam a2200229Ia 4500
003 OSt
005 20221005124501.0
006 a|||||r|||| 00| 0
007 ta
008 221004b |||||||| |||| 00| 0 mal d
024 _a56254
037 _cTextual
040 _aCRL
_cCRL
_bmal
041 _2mal
_amal
082 _aX.44, 31K8
100 _aVedapuri Au.
_9635307
245 0 _aNaame namakku thunai
260 _c1968
650 _aECONOMICS
942 _hX.44, 31K8
_cTEXL
_2cc
999 _c1050627
_d1050627